Countries that Beat Turkey - Statistics

General Stats
  • This quiz has been taken 1,097 times
    624 since last reset
  • The average score is 9 of 16
Answer Stats
Rank Category Countries % Correct
2 Receives the most tourists in Asia [1] China
97%
4 Spices production [3] India | Ethiopia | Bangladesh
81%
3 Closest non-bordering country to Israel Saudi Arabia | Cyprus
79%
4 Responsible for the deadliest genocide Germany | Cambodia | Russia
78%
7 Highest inflation rate [4] Zimbabwe | Lebanon | Venezuela | Syria | Sudan | Argentina
73%
2 Its people visit Bulgaria the most [5] Romania
67%
7 (t) Shares the shortest international border Botswana | Zambia | Italy | Vatican City | France | Monaco
60%
7 Highest number of military personnel
per-capita in NATO [2]
Greece | Estonia | Portugal | Montenegro | Lithuania | Norway
57%
2 Largest Turkic-majority country Kazakhstan
54%
3 Pistachios production [6] Iran | United States
49%
3 First Muslim country with a female PM Pakistan | Bangladesh
49%
14 Has the most rectangular shape [7] Egypt | Vatican City | Lesotho | Yemen | Ghana | North Macedonia | Ivory Coast | Poland | Nauru | Sudan | Eswatini | Uruguay | Sierra Leone
40%
4 First Muslim country to grantwomen the right to vote Azerbaijan | Albania | Maldives
33%
8 Home to world's deepest cave Georgia | Austria | France | Spain | Mexico | Slovenia |Croatia | Uzbekistan
28%
2 Busiest domestic airline route that
does not include a capital city [8]
Australia
16%
2 Most unsuccessful bids for the Summer Olympics Hungary
4%
No matching quizzes found
Score Distribution
Percent of People with Each Score
Percentile by Number Answered
Your Score History
You have not taken this quiz since the last reset